000 00920nam a22002897a 4500
001 240035
003 DO-SdBNP
005 20180126140959.0
007 240035
008 160322b 1973 sp ||||| |||| 00| 0 spa d
020 _a8425305136
040 _aBPMSU
_bspa
_cBPMSU
092 _axxxx
_bxxxx
100 1 _aZanini, Giuseppe
245 1 0 _aEl libro del dónde /
_cGiuseppe Zanini ; colaboradores Andrea Bonanni, Pinuccia Bracco Glauco Pretto ; traducido por María Antonia Menini.
260 _aBarcelona, España :
_bEdiciones Danes,
_c1973.
300 _a188 p
_bil. ;
_c27 cm.
490 1 _aBiblioteca básica juvenil
700 1 2 _aBonanni, Andrea,
_ecol.
700 1 2 _aBracco, Pinuccia,
_ecol.
700 1 2 _aPretto, Glauco,
_ecol.
700 1 2 _aMenini, María Antonia,
_etr.
830 0 _aBiblioteca básica juvenil
942 _2ddc
_cBK
945 _aInventariado, 2018 /LP
956 _aLOPEREZ
_b10
999 _c9374
_d9374